| 000 | 01345nam a2200349 a 4500 | ||
|---|---|---|---|
| 001 | ebr10046935 | ||
| 003 | CaPaEBR | ||
| 006 | m u | ||
| 007 | cr cn||||||||| | ||
| 008 | 971211s1998 nyua sb 001 0 eng | ||
| 010 | _z 97051716 | ||
| 020 | _z0306457342 | ||
| 040 |
_aCaPaEBR _cCaPaEBR |
||
| 035 | _a(OCoLC)54360351 | ||
| 050 | 1 | 4 |
_aHQ799.95 _b.A49 1998eb |
| 082 | 0 | 4 |
_a305.24 _221 |
| 100 | 1 |
_aAiken, Lewis R., _d1931- |
|
| 245 | 1 | 0 |
_aHuman development in adulthood _h[electronic resource] / _cLewis R. Aiken. |
| 260 |
_aNew York : _bPlenum Press, _cc1998. |
||
| 300 |
_aix, 430 p. : _bill. |
||
| 490 | 1 | _aThe Plenum series in adult development and aging | |
| 504 | _aIncludes bibliographical references (p. 387-418) and indexes. | ||
| 533 |
_aElectronic reproduction. _bPalo Alto, Calif. : _cebrary, _d2013. _nAvailable via World Wide Web. _nAccess may be limited to ebrary affiliated libraries. |
||
| 650 | 0 | _aAdulthood. | |
| 650 | 0 | _aLife cycle, Human. | |
| 650 | 0 |
_aAdulthood _xPsychological aspects. |
|
| 650 | 0 |
_aAging _xPsychological aspects. |
|
| 655 | 7 |
_aElectronic books. _2local |
|
| 710 | 2 | _aebrary, Inc. | |
| 830 | 0 | _aPlenum series in adult development and aging. | |
| 856 | 4 | 0 |
_uhttp://site.ebrary.com/lib/rucke/Doc?id=10046935 _zAn electronic book accessible through the World Wide Web; click to view |
| 999 |
_c73258 _d73258 |
||